| 000 | 01051nam a2200253Ia 4500 | ||
|---|---|---|---|
| 003 | OSt | ||
| 005 | 20200820130710.0 | ||
| 008 | 191128s1992 ck ad gr 000 0 spa d | ||
| 020 | _a9589272223 | ||
| 040 |
_aCo-JMCR _cCo-JMCR |
||
| 041 | 0 | _aspa | |
| 082 | 0 | 4 |
_a368.4 / _bM578r _223 |
| 100 | 1 |
_aMesa-Lago, Carmelo, _eautor _99033 |
|
| 245 | 1 | 0 |
_aRegímenes Pensionales / _cCarmelo Mesa-Lago, Lothar Witte, Patricio Arrua, [y otros 9] |
| 250 | _a1a. Edición | ||
| 260 |
_aBogotá : _bFundación Friedrich Ebert de Colombia, _c1992. |
||
| 300 |
_a289 páginas : _bgráficos a blanco y negro ; _c23 cm. |
||
| 500 | _aIncluye notas a pie de páginas. | ||
| 504 | _aBibliografía : páginas 285-286. | ||
| 505 | 0 | _aRegímenes pensionales en el cono sur y en la región andina: panorama, problemas, propuestas / Carmelo Mesa-Lago, Lothar Witte -- El nuevo régimen previsional Chileno / Patricio Arrau -- El sistema previsional Argentino | |
| 650 | 2 | 4 |
_aRégimen previsional _99034 |
| 650 | 2 | 4 |
_aSistema de seguridad social _98962 |
| 942 |
_2ddc _cBK |
||
| 999 |
_c6039 _d6039 |
||